[Event "25th Abu Dhabi Master 2018"]
[Site "Abu Dhabi"]
[Date "2018.08.07"]
[Round "1"]
[White "Jubin, Jimmy"]
[Black "Narayanan S L"]
[Result "0-1"]
[WhiteElo "2267"]
[BlackElo "2574"]
[Annotator "TA"]
[PlyCount "106"]
[EventDate "2018.08.05"]
[EventType "swiss"]
[EventCountry "UAE"]
[SourceTitle "playchess.com"]
[Source "ChessBase"]
[SourceQuality "1"]

{[%evp 15,106,37,37,43,39,39,42,24,38,43,35,11,0,0,40,36,48,48,41,31,47,45,56,32,58,51,44,30,33,32,26,31,31,21,41,-102,-102,-102,-101,-111,-114,-114,-102,-102,-102,-103,-117,-106,-100,-100,-97,-128,-120,-145,-146,-184,-113,-170,-162,-162,-162,-210,-115,-162,-165,-147,-114,-247,-243,-251,-249,-242,-229,-186,-204,-256,-268,-385,-289,-405,-398,-507,-505,-532,-567,-840,-811,-770,-738,-1059,-1025,-1149,-710]} 1. d4 Nf6 2. c4 g6 3. g3 c5 4. dxc5 Qa5+ 5. Nc3 Bg7 6. Bg2 {E60: King's Indian: Unusual lines and Fianchetto Variation without Nc3} O-O 7. Qa4 Qxc5 8. Be3 Qc7 {LiveBook: 5 Games} 9. Nh3 d6 10. Nf4 Bd7 11. Nfd5 Nxd5 12. Nxd5 Qd8 $146 13. Qb3 Bc6 14. O-O Nd7 (14... e6 $5 {[%cal Re6d5]}) 15. Rfd1 Re8 16. Rac1 a5 17. a4 Qb8 18. Qa3 Ra6 19. Rd2 Bf8 20. Qb3 Rc8 21. Rdd1 e6 22. Nc3 Bxg2 23. Kxg2 Rac6 24. Nb5 {White wants to play Na7.} b6 25. Bd4 (25. Qa2 $14) 25... d5 $1 $17 26. Qf3 Rxc4 27. Rxc4 Rxc4 28. b3 Rc8 29. Ba1 Bg7 30. Bxg7 Kxg7 31. e4 Nf6 32. exd5 Nxd5 33. Kg1 Qe5 34. Qd3 h5 {[%cal Bh7h5,Bh5h4][%mdl 32]} 35. Qd2 {[#]} Rd8 (35... h4 $1 $19 {[%mdl 512]} 36. Rf1 (36. gxh4 Nf4) 36... h3) 36. Re1 (36. Na3 $17) 36... Qf6 37. Rd1 h4 38. Qd3 Rh8 (38... h3 $19 {Threatens to win with ...Ne3.} 39. Qf1 Qb2) 39. Qd4 Qxd4 40. Rxd4 $19 {[%mdl 4096] Endgame KRN-KRN} h3 41. f3 {[#]} (41. Na3 $17) 41... Rc8 $1 {[%cal Rc8c1]} 42. Rc4 {[#]} Rxc4 $1 43. bxc4 {KN-KN} Ne3 44. Nd6 Kf6 45. Kf2 Nd1+ 46. Ke1 (46. Ke2 $142 Nb2 47. c5 Nxa4 48. cxb6 Nxb6 49. Kd3) 46... Nc3 47. Kd2 (47. c5 {was forced.} bxc5 48. Kd2 Nxa4 49. Nc4) 47... Nxa4 48. Nc8 e5 {Black is clearly winning.} 49. Kc2 Ke6 50. Kb3 Kd7 51. Na7 Nc5+ 52. Kc3 Ne6 53. Kd3 Nc7 {Precision: White = 54%, Black = 66%.} 0-1

[Event "25th Abu Dhabi Master 2018"]
[Site "Abu Dhabi"]
[Date "2018.08.07"]
[Round "1"]
[White "Pranav, Vijay"]
[Black "Shyam, Sundar M."]
[Result "1/2-1/2"]
[WhiteElo "2265"]
[BlackElo "2527"]
[Annotator "NA RC"]
[PlyCount "95"]
[EventDate "2018.08.05"]
[EventType "swiss"]
[EventCountry "UAE"]
[SourceTitle "playchess.com"]
[Source "ChessBase"]
[SourceQuality "1"]
[TimeControl "5400+30"]

1. d4 {[%emt 0:00:00]} Nf6 {[%emt 0:00:00]} 2. Nc3 {[%emt 0:00:00]} d5 {[%emt 0:00:18]} 3. Bf4 {[%emt 0:00:00]} a6 {[%emt 0:05:40]} 4. e3 {[%emt 0:00:15]} e6 {[%emt 0:01:06]} 5. Nf3 {[%emt 0:01:23]} c5 {[%emt 0:05:09]} 6. a3 {[%emt 0:02:32]} Nc6 {[%emt 0:00:25]} 7. h3 {[%emt 0:03:20]} c4 {[%emt 0:11:15]} 8. Be2 {[%emt 0:04:31]} b5 {[%emt 0:00:08]} 9. O-O {[%emt 0:01:36]} Bd6 {[%emt 0:06:00]} 10. Ne5 {[%emt 0:10:48]} Qc7 {[%emt 0:12:06]} 11. Nxc6 {[%emt 0:01:00]} Bxf4 {[%emt 0:00:03]} 12. exf4 {[%emt 0:00:22]} Qxc6 {[%emt 0:00:03]} 13. Qd2 {[%emt 0:01:23]} O-O {[%emt 0:00:50]} 14. Bf3 {[%emt 0:01:30]} Bd7 {[%emt 0:00:58]} 15. Ne2 {[%emt 0:08:54]} a5 {[%emt 0:02:23]} 16. c3 {[%emt 0:04:14]} Rab8 {[%emt 0:01:04]} 17. g4 {[%emt 0:02:42]} Qd6 {[%emt 0:17:15]} 18. Qe3 {[%emt 0:04:19]} Bc6 {[%emt 0:06:46]} 19. Ng3 {[%emt 0:02:52]} Rfe8 {[%emt 0:01:36]} 20. Rfe1 {[%emt 0:06:13]} Ra8 {[%emt 0:01:02]} 21. Re2 {[%emt 0:04:05]} Nd7 {[%emt 0:04:42]} 22. Rae1 {[%emt 0:01:34]} b4 {[%emt 0:04:17]} 23. axb4 {[%emt 0:04:09]} axb4 {[%emt 0:00:40]} 24. Qd2 {[%emt 0:01:51]} b3 {[%emt 0:06:57]} 25. Bg2 {[%emt 0:01:03]} Rad8 {[%emt 0:02:30]} 26. h4 {[%emt 0:02:04]} Nf8 {[%emt 0:03:28]} 27. h5 {[%emt 0:00:29]} f6 {[%emt 0:00:12]} 28. f5 {[%emt 0:13:50]} e5 {[%emt 0:01:08]} 29. dxe5 {[%emt 0:00:15]} fxe5 {[%emt 0:00:11]} 30. h6 {[%emt 0:00:06]} Qxh6 {[%emt 0:01:59]} 31. Qxh6 {[%emt 0:00:11]} gxh6 {[%emt 0:00:01]} 32. Rxe5 {[%emt 0:00:01]} Kf7 {[%emt 0:02:26]} 33. Rxe8 {[%emt 0:02:36]} Rxe8 {[%emt 0:01:40]} 34. Rd1 {[%emt 0:00:04]} Nd7 {[%emt 0:01:23]} 35. Bxd5+ {[%emt 0:01:39]} Bxd5 {[%emt 0:00:01]} 36. Rxd5 {[%emt 0:00:03]} Nf6 {[%emt 0:00:02]} 37. Rd4 {[%emt 0:00:13]} Re1+ {[%emt 0:00:25]} 38. Kg2 {[%emt 0:06:34]} Rb1 {[%emt 0:00:03]} 39. Ne4 {[%emt 0:03:50]} Rxb2 {[%emt 0:00:05]} 40. Nxf6 {[%emt 0:00:26]} Kxf6 {[%emt 0:00:01]} 41. Rxc4 {[%emt 0:00:01]} Rc2 {[%emt 0:01:58]} 42. Rc6+ {[%emt 0:00:52]} Kg7 {[%emt 0:00:01]} 43. Rc7+ {[%emt 0:02:02]} Kg8 {[%emt 0:00:01]} 44. Rc8+ {[%emt 0:03:03]} Kg7 {[%emt 0:00:02]} 45. Rc6 {[%emt 0:00:15]} b2 {[%emt 0:00:41]} 46. Rb6 {[%emt 0:00:05]} Kf7 {[%emt 0:00:08]} 47. c4 {[%emt 0:01:20]} Rxc4 {[%emt 0:00:06]} 48. Rxb2 1/2-1/2

[Event "25th Abu Dhabi Master 2018"]
[Site "Abu Dhabi"]
[Date "2018.08.07"]
[Round "1"]
[White "Pranav, Anand"]
[Black "Yuffa, Daniil"]
[Result "0-1"]
[WhiteElo "2260"]
[BlackElo "2570"]
[Annotator "TA"]
[PlyCount "112"]
[EventDate "2018.08.05"]
[EventType "swiss"]
[EventCountry "UAE"]
[SourceTitle "playchess.com"]
[Source "ChessBase"]
[SourceQuality "1"]

{[%evp 17,112,35,33,16,33,22,27,20,20,18,34,33,36,31,30,27,34,38,30,31,26,26,41,25,85,91,87,73,230,124,123,110,120,114,100,52,62,65,81,72,72,59,79,37,56,-16,-16,-16,-16,-41,-36,-35,-14,-74,-66,-53,-56,-68,-50,-87,-43,-89,0,-81,-68,-68,-60,-285,-285,-291,-278,-332,-306,-1304,-1591,-6427,-6411,-5277,-5265,-29974,-29975,-29974,-29976,-29981,-29982,-29984,-29980,-29980,-29981,-6270,-29981,-29980,-29957,-29987,-29988,-29987,-29984]} 1. e4 Nf6 2. e5 Nd5 3. d4 d6 4. Nf3 dxe5 5. Nxe5 c6 6. Bc4 Bf5 {B04: Alekhine's Defence: 4 Nf3} 7. O-O Nd7 8. Bd3 Bxd3 9. Nxd3 e6 {LiveBook: 5 Games} 10. Nd2 Be7 11. c4 N5f6 12. b3 $146 ({Predecessor:} 12. Nf3 Qc7 13. b3 O-O 14. Bb2 {½-½ (30) Spasov,V (2589)-Sergeev,V (2508) Eforie Nord 2008}) 12... O-O 13. Bb2 Qa5 14. Re1 Rfd8 15. Qe2 Ba3 16. Bxa3 Qxa3 17. c5 {Hoping for Nc4.} b5 18. Qf3 Rac8 19. g4 {[%cal Bg2g4,Bg4g5][%mdl 32]} Qa5 20. b4 Qa4 (20... Qa3 $1 $11) 21. g5 $16 Nd5 22. Ne4 Nxb4 $2 (22... Rf8 $16) 23. Nxb4 (23. Nb2 $1 $18 {[%cal Rb2a4]} Qa6 24. Nd6) 23... Qxb4 24. Nd6 Rf8 25. Nxc8 Rxc8 26. Rad1 Nf8 {[%cal Bd7f8,Bf8g6,Bg6e7,Be7f5][%mdl 32]} 27. Re3 Qa5 28. Ra3 Qc7 29. Qg3 Qb7 30. Qd6 Ng6 31. Rh3 ({White should play} 31. d5 $14 exd5 32. Re1) 31... Ne7 $11 32. Qf4 {Qh4 is the strong threat.} Nf5 33. Qf3 g6 {[%mdl 1024] Black has compensation.} 34. Qf4 Qe7 35. Rdd3 (35. Rhd3 $11 {keeps the balance.}) 35... Rd8 $17 36. Kf1 a5 {[%cal Ba7a5,Ba5a4][%mdl 32]} 37. a3 a4 38. Kg1 Rd5 39. Qb8+ $1 Rd8 40. Qf4 h5 41. gxh6 Kh7 $1 42. Rhe3 $2 (42. Rd2 $15) 42... Nxe3 $19 43. Rxe3 {[%mdl 4096] Endgame KQR-KQR} Rd5 44. Re5 {[#]} b4 $1 {[%mdl 512]} 45. Rxd5 $2 (45. axb4 a3 46. Re1) 45... exd5 46. axb4 {[#] KQ-KQ} a3 $1 {[%cal Ra3a2]} 47. Qd2 Qe4 48. Qa2 Qe1+ 49. Kg2 Qxb4 50. Qa1 Qb2 51. Qd1 Kxh6 52. Qf3 Kg7 53. Qg3 a2 54. Qe5+ {Black mates.} Kh7 55. Qe7 Qxd4 ({Stronger than} 55... a1=Q 56. Qxf7+ Kh6 57. Qf4+ Kg7 58. Qc7+ Kf6 59. Qd6+ Kf7 60. Qd7+ Kf8 61. Qd8+ Kf7 62. Qc7+ Kg8 63. Qd8+ Kh7 64. Qc7+ Kh8 65. Qe5+ Kg8 66. Qe8+ Kh7 67. Qe7+ Kh6 68. Qh4+ Kg7 69. Qe7+ Kh6 70. Qh4+ Kg7 71. Qe7+ Kg8 72. Qe8+ Kh7 73. Qe7+ Kh6 $11) 56. Qxf7+ Qg7 {Precision: White = 45%, Black = 59%.} 0-1

[Event "25th Abu Dhabi Master 2018"]
[Site "Abu Dhabi"]
[Date "2018.08.07"]
[Round "1"]
[White "Krishnater, Kushager"]
[Black "Firouzja, Alireza"]
[Result "0-1"]
[WhiteElo "2256"]
[BlackElo "2561"]
[Annotator "ChessBase"]
[PlyCount "62"]
[EventDate "2018.08.05"]
[EventType "swiss"]
[EventCountry "UAE"]
[SourceTitle "playchess.com"]
[Source "ChessBase"]
[SourceQuality "1"]
[TimeControl "5400+30"]

1. e4 {[%emt 0:00:00]} c5 {[%emt 0:00:05]} 2. Nf3 {[%emt 0:00:00]} d6 {[%emt 0:00:33]} 3. d4 {[%emt 0:00:00]} cxd4 {[%emt 0:00:07]} 4. Nxd4 {[%emt 0:00:00]} Nf6 {[%emt 0:00:06]} 5. Nc3 {[%emt 0:00:00]} a6 {[%emt 0:00:23]} 6. h3 {[%emt 0:00:00]} e6 {[%emt 0:00:15]} 7. g4 {[%emt 0:00:05]} Be7 {[%emt 0:00:51]} 8. g5 {[%emt 0:03:33]} Nfd7 {[%emt 0:00:06]} 9. h4 {[%emt 0:00:06]} b5 {[%emt 0:00:04]} 10. a3 {[%emt 0:00:31]} Bb7 {[%emt 0:00:07]} 11. Be3 {[%emt 0:00:05]} Nb6 {[%emt 0:01:25]} 12. Nxe6 {[%emt 0:11:24]} fxe6 {[%emt 0:00:37]} 13. Qd4 {[%emt 0:00:04]} Na4 {[%emt 0:24:54]} 14. Qxg7 {[%emt 0:08:11]} Kd7 {[%emt 0:04:05]} 15. Nxa4 {[%emt 0:15:15]} bxa4 {[%emt 0:00:31]} 16. O-O-O {[%emt 0:05:28]} Bxe4 {[%emt 0:07:35]} 17. Bc5 {[%emt 0:02:20]} Qf8 {[%emt 0:07:43]} 18. Rxd6+ {[%emt 0:14:23]} Kc7 {[%emt 0:00:40]} 19. Qc3 {[%emt 0:02:14]} Bxd6 {[%emt 0:18:41]} 20. Bxd6+ {[%emt 0:03:13]} Kxd6 {[%emt 0:00:07]} 21. Qb4+ {[%emt 0:00:02]} Kc7 {[%emt 0:02:48]} 22. Qxe4 {[%emt 0:00:10]} Nd7 {[%emt 0:13:20]} 23. Bg2 {[%emt 0:01:16]} Ra7 {[%emt 0:02:44]} 24. Rd1 {[%emt 0:05:01]} Qc5 {[%emt 0:04:55]} 25. Qxe6 {[%emt 0:04:17]} Rd8 {[%emt 0:00:53]} 26. Rd3 {[%emt 0:12:44]} Kb8 {[%emt 0:00:50]} 27. Bh3 {[%emt 0:02:49]} Qxf2 {[%emt 0:02:08]} 28. Qe7 {[%emt 0:04:47]} Rc8 {[%emt 0:01:00]} 29. c3 {[%emt 0:00:21]} Nc5 {[%emt 0:02:16]} 30. Qd6+ {[%emt 0:00:57]} Rac7 {[%emt 0:00:11]} 31. Rd1 {[%emt 0:03:25]} Qe3+ {[%emt 0:00:13]} 0-1

[Event "25th Abu Dhabi Master 2018"]
[Site "Abu Dhabi"]
[Date "2018.08.07"]
[Round "1"]
[White "Srija, Seshadri"]
[Black "Abdusattorov, Nodirbek"]
[Result "0-1"]
[WhiteElo "2255"]
[BlackElo "2539"]
[Annotator "TA"]
[PlyCount "94"]
[EventDate "2018.08.05"]
[EventType "swiss"]
[EventCountry "UAE"]
[SourceTitle "playchess.com"]
[Source "ChessBase"]
[SourceQuality "1"]

{[%evp 22,94,23,18,24,25,29,26,37,58,62,69,66,58,57,55,76,62,67,64,66,64,54,60,73,13,13,11,11,-101,-75,-174,-45,-85,-77,-70,-71,-72,0,-19,-27,-20,-23,-32,-39,-43,-42,-50,-31,-51,0,-70,-63,-170,-128,-170,-196,-234,-171,-152,-145,-197,-119,-145,-145,-112,-41,-54,-10,-10,-6,-13,0,-19,-29]} 1. e4 e5 2. Nf3 Nc6 3. Bb5 a6 4. Ba4 Nf6 5. d3 d6 6. c3 g6 7. Nbd2 Bg7 8. Nf1 O-O 9. Ng3 b5 10. Bc2 Bb7 {C77: Ruy Lopez: 3...a6 4 Ba4 Nf6, unusual lines} 11. O-O (11. h4 h5 12. Bg5 Qd7 13. O-O Nd8 14. d4 exd4 15. cxd4 Ne6 16. Bd2 d5 17. e5 Ne4 18. b4 Nxd2 19. Qxd2 {½-½ (89) Andreikin,D (2723)-Karttunen,M (2465) Minsk 2017 CBM 179 [Moradiabadi,E]}) 11... Re8 12. a4 {LiveBook: 4 Games} b4 $146 ({Predecessor:} 12... d5 13. exd5 Nxd5 14. Ne4 Qe7 15. Bg5 f6 16. axb5 axb5 17. Rxa8 Bxa8 18. Bb3 {½-½ (28) Fogarasi,T (2378)-Kozak,A (2422) Hungary 2018}) 13. a5 Rb8 14. Re1 d5 15. Bg5 bxc3 16. bxc3 h6 17. Bxf6 Bxf6 18. exd5 Qxd5 19. Ne4 Bg7 20. Bb3 Qd8 21. Nc5 Na7 22. Nd2 Bc8 23. Nde4 (23. Qf3 $16 Rf8 24. Bc4) 23... Rf8 $11 24. Rb1 {Threatens to win with Bxf7+!} Kh7 25. Qf3 (25. Bc4 $11 Rxb1 26. Qxb1) 25... Rb5 {White must now prevent ...f5.} 26. Qe3 (26. Na4 $17) 26... Nc6 ({Black should try} 26... f5 $1 $19 27. Nxa6 fxe4 28. Qxa7 Rxa5) 27. Bc4 {[#]} Rxb1 $1 28. Rxb1 f5 $1 {[%cal Rf5e4]} 29. Nd2 Qd6 (29... Nxa5 $17 30. Be6 (30. Bxa6 Bxa6 31. Nxa6 Qd6 $17) 30... Qd6 31. Bxc8 Rxc8) 30. Ndb3 Nxa5 31. Nxa5 {Strongly threatening Nab3.} f4 32. Qe4 {Hoping for Nab7.} Qxc5 33. Nb3 Qd6 34. Ra1 Rd8 35. Qe2 e4 (35... Bb7 $15) 36. Qxe4 (36. d4 $11) 36... Bxc3 $15 37. Rd1 (37. Rc1 $15 Bf5 38. Qb7) 37... Bf5 $36 {[%mdl 2048] Black is in control.} 38. Qb7 {[#]} a5 $1 39. Nc1 Qb6 40. Qf3 Be5 41. Re1 (41. Ne2 $17 {was necessary.}) 41... Bd6 (41... Qb2 $19 42. h4 a4) 42. Qd5 Rf8 43. Nb3 Bb4 (43... a4 $17 44. Nd4 Qc5 45. Qxc5 Bxc5 46. Nxf5 Rxf5) 44. Re8 $1 {[%cal Re8f8] And now Rxf8 would win.} Qf6 45. Rxf8 {The position is equal.} Qxf8 46. Nxa5 Qe8 {[%cal Re8e1]} 47. h3 {[#]} f3 $1 {[%mdl 33280] Precision: White = 38%, Black = 59%. . Loss on Time!?} 0-1

[Event "25th Abu Dhabi Master 2018"]
[Site "Abu Dhabi"]
[Date "2018.08.07"]
[Round "1"]
[White "Dixit, Nikhil"]
[Black "Kadric, Denis"]
[Result "0-1"]
[WhiteElo "2240"]
[BlackElo "2537"]
[Annotator "RC"]
[PlyCount "98"]
[EventDate "2018.08.05"]
[EventType "swiss"]
[EventCountry "UAE"]
[SourceTitle "playchess.com"]
[Source "ChessBase"]
[SourceQuality "1"]
[TimeControl "5400+30"]

1. e4 {[%emt 0:00:00]} Nc6 {[%emt 0:00:00]} 2. d4 {[%emt 0:00:45]} d6 {[%emt 0:00:00]} 3. Nf3 {[%emt 0:03:06]} Nf6 {[%emt 0:00:00]} 4. Nc3 {[%emt 0:01:18]} g6 {[%emt 0:00:00]} 5. Be2 {[%emt 0:02:11]} Bg7 {[%emt 0:00:00]} 6. O-O {[%emt 0:00:06]} O-O {[%emt 0:00:00]} 7. d5 {[%emt 0:08:43]} Nb8 {[%emt 0:00:00]} 8. Be3 {[%emt 0:01:00]} e5 {[%emt 0:01:07]} 9. dxe6 {[%emt 0:00:43]} Bxe6 {[%emt 0:00:04]} 10. Qd2 {[%emt 0:02:13]} Re8 {[%emt 0:02:12]} 11. Bh6 {[%emt 0:05:18]} Bg4 {[%emt 0:07:23]} 12. h3 {[%emt 0:07:42]} Bxh6 {[%emt 0:02:55]} 13. Qxh6 {[%emt 0:00:11]} Bxf3 {[%emt 0:00:02]} 14. Bxf3 {[%emt 0:00:15]} Nbd7 {[%emt 0:00:27]} 15. g3 {[%emt 0:02:10]} Re5 {[%emt 0:01:07]} 16. Bg2 {[%emt 0:23:47]} Nc5 {[%emt 0:03:49]} 17. Rae1 {[%emt 0:01:33]} Qe7 {[%emt 0:08:38]} 18. Qe3 {[%emt 0:12:08]} Ncxe4 {[%emt 0:08:15]} 19. Bxe4 {[%emt 0:11:51]} Nxe4 {[%emt 0:01:30]} 20. f4 {[%emt 0:01:29]} Re6 {[%emt 0:00:02]} 21. Nd5 {[%emt 0:00:39]} Qd8 {[%emt 0:00:04]} 22. f5 {[%emt 0:02:52]} Re5 {[%emt 0:02:21]} 23. fxg6 {[%emt 0:03:00]} hxg6 {[%emt 0:00:04]} 24. Qf4 {[%emt 0:01:42]} Ng5 {[%emt 0:02:14]} 25. Nf6+ {[%emt 0:03:41]} Kg7 {[%emt 0:00:02]} 26. Qd4 {[%emt 0:01:31]} Nf3+ {[%emt 0:00:30]} 27. Rxf3 {[%emt 0:00:07]} Rxe1+ {[%emt 0:00:02]} 28. Kf2 {[%emt 0:00:29]} Re5 {[%emt 0:00:10]} 29. Ng4 {[%emt 0:01:37]} Qe7 {[%emt 0:00:26]} 30. Re3 {[%emt 0:01:31]} f6 {[%emt 0:01:09]} 31. Nxe5 {[%emt 0:00:17]} fxe5 {[%emt 0:00:06]} 32. Qe4 {[%emt 0:00:32]} c6 {[%emt 0:00:15]} 33. Kg2 {[%emt 0:00:24]} Rf8 {[%emt 0:00:12]} 34. Rf3 {[%emt 0:00:46]} d5 {[%emt 0:00:08]} 35. Qe3 {[%emt 0:00:19]} Rxf3 {[%emt 0:01:46]} 36. Kxf3 {[%emt 0:00:40]} d4 {[%emt 0:00:26]} 37. Qd3 {[%emt 0:00:51]} Qe6 {[%emt 0:00:30]} 38. Qb3 {[%emt 0:00:50]} e4+ {[%emt 0:00:42]} 39. Ke2 {[%emt 0:00:28]} Qxb3 {[%emt 0:01:38]} 40. axb3 {[%emt 0:00:04]} c5 {[%emt 0:00:05]} 41. Kf2 {[%emt 0:00:13]} Kf6 {[%emt 0:00:03]} 42. Ke2 {[%emt 0:00:04]} Kf5 {[%emt 0:00:31]} 43. Kf2 {[%emt 0:00:05]} g5 {[%emt 0:00:44]} 44. Ke2 {[%emt 0:00:10]} a5 {[%emt 0:00:31]} 45. Kf2 {[%emt 0:00:05]} b5 {[%emt 0:00:17]} 46. Ke2 {[%emt 0:00:05]} a4 {[%emt 0:00:20]} 47. bxa4 {[%emt 0:00:39]} bxa4 {[%emt 0:00:02]} 48. Kf2 {[%emt 0:00:14]} c4 {[%emt 0:00:10]} 49. Ke2 {[%emt 0:00:03]} c3 {[%emt 0:00:16] Kd3} 0-1

[Event "25th Abu Dhabi Master 2018"]
[Site "Abu Dhabi"]
[Date "2018.08.07"]
[Round "1"]
[White "Gajwa, Ankit"]
[Black "Vishnu, Prasanna V"]
[Result "0-1"]
[WhiteElo "2223"]
[BlackElo "2517"]
[Annotator "ChessBase"]
[PlyCount "92"]
[EventDate "2018.08.05"]
[EventType "swiss"]
[EventCountry "UAE"]
[SourceTitle "playchess.com"]
[Source "ChessBase"]
[SourceQuality "1"]
[TimeControl "5400+30"]

1. e4 {[%emt 0:00:00]} c5 {[%emt 0:00:00]} 2. Nf3 {[%emt 0:00:00]} d6 {[%emt 0:00:00]} 3. Bb5+ {[%emt 0:00:06]} Nd7 {[%emt 0:00:00]} 4. d4 {[%emt 0:00:17]} Ngf6 {[%emt 0:00:14]} 5. Nc3 {[%emt 0:00:12]} cxd4 {[%emt 0:01:02]} 6. Qxd4 {[%emt 0:00:09]} e5 {[%emt 0:00:33]} 7. Qd3 {[%emt 0:00:34]} h6 {[%emt 0:00:11]} 8. a4 {[%emt 0:02:32]} Be7 {[%emt 0:00:18]} 9. Be3 {[%emt 0:01:57]} O-O {[%emt 0:00:36]} 10. O-O Nb8 {[%emt 0:03:35]} 11. Rfd1 {[%emt 0:13:26]} Be6 {[%emt 0:08:10]} 12. Qe2 {[%emt 0:17:11]} Qc7 {[%emt 0:02:39]} 13. a5 {[%emt 0:01:25]} Na6 {[%emt 0:08:09]} 14. Ra4 {[%emt 0:12:59]} Rfc8 {[%emt 0:06:20]} 15. Nh4 {[%emt 0:05:33]} Bf8 {[%emt 0:11:30]} 16. h3 {[%emt 0:08:58]} Nc5 {[%emt 0:02:32]} 17. Bxc5 {[%emt 0:03:29]} Qxc5 {[%emt 0:00:07]} 18. Qf3 {[%emt 0:02:58]} a6 {[%emt 0:04:58]} 19. Bf1 {[%emt 0:00:54]} Bd7 {[%emt 0:02:36]} 20. Rc4 {[%emt 0:06:48]} Qxa5 {[%emt 0:02:54]} 21. Nf5 {[%emt 0:03:55]} Be6 {[%emt 0:14:37]} 22. Nxh6+ {[%emt 0:03:35]} Kh7 {[%emt 0:00:52]} 23. Rxc8 {[%emt 0:00:40]} Rxc8 {[%emt 0:00:07]} 24. Nf5 {[%emt 0:13:06]} Qb4 {[%emt 0:00:18]} 25. Ne3 {[%emt 0:01:09]} Qxb2 {[%emt 0:01:53]} 26. Ncd5 {[%emt 0:00:04]} Nd7 {[%emt 0:04:24]} 27. Bd3 {[%emt 0:00:56]} Kg8 {[%emt 0:04:07]} 28. c3 {[%emt 0:00:32]} Rxc3 {[%emt 0:03:23]} 29. Nxc3 {[%emt 0:00:28]} Qxc3 {[%emt 0:00:05]} 30. Qe2 {[%emt 0:00:34]} b5 {[%emt 0:00:29]} 31. Bb1 {[%emt 0:00:29]} Nf6 {[%emt 0:00:31]} 32. Kh2 {[%emt 0:00:30]} g6 {[%emt 0:00:55]} 33. Ba2 {[%emt 0:00:32]} Bxa2 {[%emt 0:00:49]} 34. Qxa2 {[%emt 0:00:05]} Nxe4 {[%emt 0:00:39]} 35. Qxa6 {[%emt 0:00:55]} Nxf2 {[%emt 0:00:26]} 36. Nd5 {[%emt 0:00:20]} Qc4 {[%emt 0:00:34]} 37. Rd2 {[%emt 0:00:41]} Ne4 {[%emt 0:01:01]} 38. Rd1 {[%emt 0:00:18]} Bh6 {[%emt 0:01:12]} 39. Qb7 {[%emt 0:00:39]} Kg7 {[%emt 0:02:27]} 40. Ra1 {[%emt 0:00:31]} Nc3 {[%emt 0:00:51]} 41. Nxc3 {[%emt 0:00:32]} Qxc3 {[%emt 0:00:09]} 42. Rf1 {[%emt 0:00:30]} Bf4+ {[%emt 0:00:28]} 43. Kg1 {[%emt 0:00:28]} b4 {[%emt 0:00:27]} 44. Qd5 {[%emt 0:00:32]} b3 {[%emt 0:00:41]} 45. Qxd6 {[%emt 0:00:28]} b2 {[%emt 0:00:08]} 46. Qd5 {[%emt 0:00:23]} Qd4+ {[%emt 0:01:04]} 0-1

[Event "25th Abu Dhabi Master 2018"]
[Site "Abu Dhabi"]
[Date "2018.08.07"]
[Round "1"]
[White "Parnali, S Dharia"]
[Black "Puranik, Abhimanyu Sameer"]
[Result "1/2-1/2"]
[WhiteElo "2218"]
[BlackElo "2514"]
[Annotator "TA"]
[PlyCount "76"]
[EventDate "2018.08.05"]
[EventType "swiss"]
[EventCountry "UAE"]
[SourceTitle "playchess.com"]
[Source "ChessBase"]
[SourceQuality "1"]

{[%evp 15,76,6,17,10,13,0,0,-28,-35,-35,-23,-22,-6,-37,-26,-39,-7,-7,0,-1,0,0,0,0,0,0,0,0,0,0,0,0,8,8,8,8,64,61,60,58,84,16,17,0,71,28,24,0,34,16,30,19,34,0,34,0,41,36,20,0,15,10,49]} 1. d4 Nf6 2. g3 g6 3. Bg2 d5 4. Nf3 Bg7 5. O-O O-O 6. c4 dxc4 7. Ne5 Nfd7 8. Nxc4 {D77: Fianchetto Grünfeld: 6 0-0: Replies other than 6...c6} Nb6 {LiveBook: 9 Games} 9. Na5 (9. Nxb6 axb6 10. e3 c5 11. dxc5 Qxd1 12. Rxd1 bxc5 13. Nc3 Nc6 14. Bd2 Bg4 15. f3 Be6 {0-1 (63) Kowalczyk,P (2343)-Sieciechowicz,M (2410) Zgierz 2018}) 9... c6 ({Much weaker is} 9... Bxd4 10. Nxb7 Qd7 11. Na5 $16) 10. Nb3 a5 $146 {[%cal Ba7a5,Ba5a4,Ba4a3][%mdl 32]} ({Predecessor:} 10... e5 11. dxe5 Bxe5 12. Nc3 N8d7 13. Qc2 Qe7 14. Bh6 Bg7 15. Bxg7 Kxg7 16. Rad1 Nf6 17. h3 Be6 18. Nd4 Rfd8 {½-½ (18) Carrasco,P (2016)-Geerling,A (2001) Dortmund 2015}) 11. e3 a4 12. Nc5 e5 13. dxe5 Bxe5 {And now ...Qxd1 would win.} 14. Nc3 Qxd1 15. Rxd1 a3 {[#] ...Nc4 is the strong threat.} (15... N8d7 $5 {[%cal Rd7c5]} 16. Nd3 Bg7 $15) 16. Rb1 Nc4 17. b3 Nb2 18. Bxb2 axb2 19. N3a4 $1 Bg7 20. Nxb2 Rxa2 21. Nc4 Na6 22. Nxa6 Rxa6 23. Nd6 Rb6 24. Nxc8 Rxc8 25. Bf1 Rb4 (25... Bf6 $11) 26. Rd7 $14 b5 27. Rb7 Bf8 28. Bh3 ({White should play} 28. Bg2 $16) 28... Rd8 $11 29. Bf1 Rd6 (29... Rc8 $11) 30. Rb6 Kg7 31. Rb7 h5 32. h4 Rf6 33. Bd3 Bc5 34. Bf1 Bf8 35. Bd3 Rd6 36. Bc4 Rf6 37. Bd3 Re6 38. Kf1 Be7 {Precision: White = 45%, Black = 42%.} 1/2-1/2